The visual display of quantitative information

Αποθηκεύτηκε σε:
Λεπτομέρειες βιβλιογραφικής εγγραφής
Κύριος συγγραφέας: Tufte, Edward R., 1942-
Μορφή: Βιβλίο
Γλώσσα:English
Δημοσίευση: Cheshire, Conn. : Graphics Press, c2001.
Έκδοση:2nd edition.
Θέματα:
Ετικέτες: Προσθήκη ετικέτας
Δεν υπάρχουν, Καταχωρήστε ετικέτα πρώτοι!

MARC

LEADER 00000cam a2200000 a 4500
001 1/125258
008 220725s2001####ctu| ||| |||| ||eng||
020 |a 0961392142 
040 |a GR-MyUa  |b gre  |c GR-MyUa  |e AACR2 
041 0 |a eng 
082 7 |a 001.4226   |2 (23) 
100 1 |a Tufte, Edward R.,   |d 1942- 
245 1 4 |a The visual display of quantitative information /   |c Edward R. Tufte. 
250 |a 2nd edition. 
260 |a Cheshire, Conn. :   |b Graphics Press,   |c c2001. 
300 |a 197 σ. :   |b εικ. ;   |c 28 εκ. 
500 |a Περιλαμβάνει ευρετήριο. 
650 0 |a Statistics  |x Graphic methods. 
852 |a INST  |b SYROS  |e 20220725  |h 001.4226 TUF  |p 005500015680  |q 005500015680  |t BK  |y 0 
970 |a Κοντού  |b Παρασκευή  |z 25/07/2022